| 000 | 00864nam a22002655i 4500 | ||
|---|---|---|---|
| 003 | CO-BoRNBP | ||
| 005 | 20241016085449.0 | ||
| 007 | ta | ||
| 008 | 210622s2019 ck aco gr 000 0dspa d | ||
| 020 | _a9789585228436 | ||
| 040 |
_aCO-BoUNC _bspa _erda _cCO-BoUNC |
||
| 041 | _aspa | ||
| 043 | _as-ck--- | ||
| 100 | 1 |
_aMantilla Trejos, Hugo _917037 |
|
| 245 | 1 | 3 |
_aEl Meta : _bTierra de joropo e identidad llanera / _cHugo Mantilla Trejos _cJosé Gregorio Villamil Pérez. |
| 250 | _aPrimera edición | ||
| 264 | 1 |
_aVillavicencio : _bCorporación Cultural Entreletras, _c2019. |
|
| 300 |
_a188 páginas : _bilustraciones y fotografias _e21 cm |
||
| 336 |
_2rdacontent _atexto _btxt |
||
| 337 |
_2rdamedia _asin mediación _bn |
||
| 338 |
_2rdacarrier _avolumen _bnc |
||
| 650 | _2LEMB | ||
| 700 |
_aVillamil Pérez, José Gregorio _eautor _943097 |
||
| 942 |
_2ddc _cBK |
||
| 999 |
_c38460 _d38460 |
||